Estados y contratos sociales en Africa /

Se analizan los repertorios del poder del Estado y de los contratos sociales existentes en Africa. El control de los ingresos, la tierra y la población como variables permutadas por los regímenes poscoloniales y recombinadas por la presión de los programas de ajuste estructural. Se abordan los casos...

Description complète

Enregistré dans:
Détails bibliographiques
Auteur principal: Nugent, Paul
Format: Texte
Sujets:
Tags: Ajouter un tag
Pas de tags, Soyez le premier à ajouter un tag!

MARC

LEADER 00000 a a2200000 04500
001 41460
003
040
100 |a Nugent, Paul  
245 |a Estados y contratos sociales en Africa /  |c Paul Nugent  
520 |a Se analizan los repertorios del poder del Estado y de los contratos sociales existentes en Africa. El control de los ingresos, la tierra y la población como variables permutadas por los regímenes poscoloniales y recombinadas por la presión de los programas de ajuste estructural. Se abordan los casos de Gambia, Togo y Senegal, con respecto a la configuración de sus estados políticos y sus prospectos de soberanía y desarrollo.  
590 |a EFU/NOVIEMBRE2011  
650 |a AFRICA  
650 |a GAMBIA  
650 |a TOGO  
650 |a SENEGAL  
650 |a ESTUDIOS DE CASOS  
650 |a ESTADO  
650 |a CULTURA POLITICA  
773 |g número63 ( , 2010), páginas 35-66  
999 |c 40060  |d 40060